00305nam a2200121Ia 4500008004100000082001400041100002100055245003300076250000800109260003800117300001000155650001800165150201s2012 xx 000 0 und d a611bE12K aKOTHARI, MANU L. aESSENTIALS OF HUMAN GENETICS a5TH bUNIVERSITY PRESSaHYD INDIAc2012 a1-488 aHUMAN ANATOMY